[Event "Moscow op-F 13th"]
[Site "Moscow"]
[Date "2017.01.28"]
[Round "2"]
[White "Mingazov, Almaz"]
[Black "Lugovets, Dmitry"]
[Result "1-0"]
[WhiteElo "2303"]
[BlackElo "1990"]
[PlyCount "97"]
[EventDate "2017.01.27"]
[EventType "swiss"]
[EventRounds "9"]
[EventCountry "RUS"]
[SourceTitle "CBM 176 Extra"]
[Source "ChessBase"]
[SourceDate "2017.03.02"]
[SourceVersion "1"]
[SourceVersionDate "2017.03.02"]
[SourceQuality "1"]

1. d4 d5 2. c4 e6 3. Nf3 Nf6 4. g3 Be7 5. Bg2 0-0 6. 0-0 dxc4 7. Ne5 c5 8. dxc5 Bxc5 9. Nxc4 Nc6 10. Nc3 a6 11. Bf4 Nh5 12. Qxd8 Rxd8 13. Bc7 Rd4 14. Nb6 Bxb6 15. Bxb6 Rb4 16. Bc5 Rc4 17. Rfd1 Rxc5 18. Bxc6 g6 19. Rd8+ Kg7 20. Bf3 Nf6 21. Na4 Rc7 22. Nb6 Rb8 23. Rxc8 Rbxc8 24. Nxc8 Rxc8 25. Bxb7 Rb8 26. Bxa6 Rxb2 27. a4 Nd5 28. a5 Nb4 29. Bc4 Nc6 30. a6 Na7 31. Rd1 Rb4 32. Bxe6 Ra4 33. Rd7 Rxa6 34. Rxf7+ Kh6 35. Bc4 Ra4 36. Rc7 Ra1+ 37. Kg2 Rc1 38. Rxa7 Rxc4 39. h4 Rc5 40. f4 Rc3 41. e4 Rc2+ 42. Kf3 Rc3+ 43. Kg4 Re3 44. e5 Re1 45. Kf3 Rf1+ 46. Kg2 Re1 47. g4 Re3 48. Rf7 Re4 49. Kf3 1-0